000 00283nam a22001217a 4500
008 170908b xxu||||| |||| 00| 0 eng d
041 _aeng
080 _25 ED
_a91
100 _a42
101 _aGEO
245 _aWORLD REGIONS IN GLOBAL CONTEXT
_cKNOX.M
942 _2udc
_cBK
999 _c26698
_d26698